Variability of active galactic nuclei (Record no. 10352)

MARC details
000 -LEADER
fixed length control field 00974nam a2200229Ia 4500
003 - CONTROL NUMBER IDENTIFIER
control field IN-BaIIA
008 - FIXED-LENGTH DATA ELEMENTS--GENERAL INFORMATION
fixed length control field 211028s9999 xx 000 0 eng d
020 ## - INTERNATIONAL STANDARD BOOK NUMBER
International Standard Book Number 0-521-41295-1
040 ## - CATALOGING SOURCE
Transcribing agency IIA Library
080 ## - UNIVERSAL DECIMAL CLASSIFICATION NUMBER
Universal Decimal Classification number 524.74(082.2)
Item number VAR
111 ## - MAIN ENTRY--MEETING NAME
Meeting name or jurisdiction name as entry element Conference on Variability of Active Galactic Nuclei
Location of meeting Georgia
Date of meeting or treaty signing 1990 May 2-4
9 (RLIN) 17590
245 #0 - TITLE STATEMENT
Title Variability of active galactic nuclei
Remainder of title proceedings of a conference on variability of active galactic nuclei, held in Georgia State University, May 2-4, 1990
Statement of responsibility, etc. edited by H. Richard Miller and Paul J. Wiita
260 ## - PUBLICATION, DISTRIBUTION, ETC.
Place of publication, distribution, etc. Cambridge
Name of publisher, distributor, etc. Cambridge University Press
Date of publication, distribution, etc. 1991
300 ## - PHYSICAL DESCRIPTION
Extent xiii, 387p.
650 ## - SUBJECT ADDED ENTRY--TOPICAL TERM
Topical term or geographic name entry element Active galactic nuclei
9 (RLIN) 6209
650 ## - SUBJECT ADDED ENTRY--TOPICAL TERM
Topical term or geographic name entry element Astronomy and astrophysics thesaurus
650 ## - SUBJECT ADDED ENTRY--TOPICAL TERM
Topical term or geographic name entry element Galactic nuclei
9 (RLIN) 3453
700 ## - ADDED ENTRY--PERSONAL NAME
Personal name Miller, H. Richard, ed.
9 (RLIN) 17591
700 ## - ADDED ENTRY--PERSONAL NAME
Personal name Wiita, Paul J., ed.
9 (RLIN) 17592
710 ## - ADDED ENTRY--CORPORATE NAME
Corporate name or jurisdiction name as entry element National Science foundation
9 (RLIN) 6334
942 ## - ADDED ENTRY ELEMENTS (KOHA)
Koha item type Books
Holdings
Withdrawn status Lost status Damaged status Not for loan Home library Current library Shelving location Date acquired Cost, normal purchase price Total Checkouts Full call number Barcode Date last seen Date last checked out Cost, replacement price Price effective from Koha item type Purchase Price
        IIA Library-Bangalore IIA Library-Bangalore General Stacks 24/04/1992 1921.50 1 524.74(082.2)/ VAR 11262 05/06/2023 04/05/2023 1921.50 24/04/1992 Books Rs. 1921.50

Powered by Koha